000 01884nam0a2200385 4500
001 RU\NLR\bibl\1156230
005 20260405145021.0
010 _a978-5-382-00339-9
_9350
021 _aRU
_b2007-71141
_93822
035 _a(NLR Aleph) 001143002
090 _a1429627
_c1429627
100 _a20071119d2007 |||y0rusy50 ca
101 0 _arus
102 _aRU
105 _aa |||||||||
200 1 _aВторое начало термодинамики
_fС. Карно, У. Томсон (лорд Кельвин), Р. Клаузиус [и др.]
_gпод ред. и с предисл. А.К. Тимирязева
205 _aИзд. 2-е
210 _aМосква
_cURSS
_cЛКИ
_d2007
215 _a310,[1] с.
_cил.
_d22
225 1 _aФизико-математическое наследие: физика
_iТермодинамика и статическая механика
300 _aНа 4-й с. обл. 2-й и 3-й авт.: профессора У. Томсон и Р. Клаузиус
313 _aПервое издание 1934г.
320 _aБиблиогр. в подстроч. прим.
606 1 _aВторое начало термодинамики
_92273249
_3RU\NLR\auth\661362417
686 _aВ317.11
701 1 _4070
_8rus
_7ca
_aКарно
_bС.
_cфизик
_f1796-1832
_gСади
_3RU\NLR\AUTH\7760475
_943406
701 1 _4070
_8rus
_7ca
_aКельвин
_bУ. Т.
_f1824-1907
_gУильям Томсон
_3RU\NLR\auth\7760520
_943451
701 1 _4070
_8rus
_7ca
_aКлаузиус
_bР. Ю.
_f1822-1888
_gРудольф Юлиус
_3RU\NLR\auth\7760474
_943405
702 1 _4340
_8rus
_7ca
_aТимирязев
_bА. К.
_f1880-1955
_gАркадий Климентович
_3RU\NLR\auth\7760513
_943444
801 0 _aRU
_bNLR
_c20071119
_gRCR
801 1 _aRU
_bNLR
_c20071119
942 _cBOOK
980 _aNB